000 00836nas a2200253 4500
001 BR9102633
003 BR-BrBNA
005 20231205092030.0
007 ta
008 230509b bl.|||p| |||| 00| 00por d
040 _aBR-BrBNA
_bpor
_cBiblioteca Nacional de Agricultura
041 _a(Pt)
072 _aF70
100 1 _aPinheiro, A.L.
245 1 _aNova especie de Guarea (Meliaceae)na reserva florestal de Companhia Vale do Rio Doce: Guarea penningtoniana Pinheiro
246 1 _aA new specie of Meliaceae, Guarea penningtoniana Pinheiro
650 _aMELIACEAE
650 _aTAXONOMIA VEGETAL
650 _aRIO DOCE
650 _aESPIRITO SANTO
773 0 _tRevista Ceres (Brazil)
_xISSN 0034-737X
_g(Mar-Apr 1991), v. 38(216) p. 137-144
_wBR9102633
909 _a202311
_bLúcia
_c55
_dLúcia Elande
942 _2AGRIS
_n0
_cANA
999 _c128817
_d128817